Online
Catalog

UNIBE : (Record no. 60133)

MARC details
000 -CABECERA
campo de control de longitud fija 01157nas a2200277 i 4500
001 - NÚMERO DE CONTROL
campo de control 253068
005 - FECHA Y HORA DE LA ÚLTIMA TRANSACCIÓN
campo de control 20260129084332.0
007 - CAMPO FIJO DE DESCRIPCIÓN FÍSICA--INFORMACIÓN GENERAL
campo de control de longitud fija ta
008 - DATOS DE LONGITUD FIJA--INFORMACIÓN GENERAL
campo de control de longitud fija 260128e19921995dr ||p|r||||||0| |0spa d
040 ## - FUENTE DE LA CATALOGACIÓN
Centro catalogador/agencia de origen DO-SdBNP
Lengua de catalogación spa
Centro/agencia transcriptor DO-SdBNP
Normas de descripción rda
041 ## - CÓDIGO DE LENGUA
Código de lengua original spa
110 2# - ENTRADA PRINCIPAL--NOMBRE DE ENTIDAD CORPORATIVA
Nombre de entidad corporativa o nombre de jurisdicción como elemento de entrada Universidad Iberoamericana (Santo Domingo, República Dominicana)
9 (RLIN) 84319
245 ## - MENCIÓN DE TÍTULO
Título UNIBE :
Resto del título school of medicine : bulletin 1992 /
Mención de responsabilidad, etc. Universidad Iberoamericana (UNIBE).
264 ## - PRODUCCIÓN, PUBLICACIÓN, DISTRIBUCIÓN, FABRICACIÓN Y COPYRIGHT
Producción, publicación, distribución, fabricación y copyright Santo Domingo, República Dominicana :
Nombre del de productor, editor, distribuidor, fabricante Universidad Iberoamericana (UNIBE),
Fecha de producción, publicación, distribución, fabricación o copyright 1992-.
300 ## - DESCRIPCIÓN FÍSICA
Extensión volumen :
Otras características físicas ilustraciones,fotografias, mapas ;
Dimensiones 31 cm.
310 ## - PERIODICIDAD ACTUAL
Periodicidad actual Desconocido.
336 ## - TIPO DE CONTENIDO
Término de tipo de contenido texto
Código de tipo de contenido txt
Fuente rdacontent
337 ## - TIPO DE MEDIO
Nombre/término del tipo de medio sin mediación
Código del tipo de medio n
Fuente rdamedia
338 ## - TIPO DE SOPORTE
Nombre/término del tipo de soporte volumen
Código del tipo de soporte nc
Fuente rdacarrier
362 ## - FECHAS DE PUBLICACIÓN Y/O DESIGNACIÓN SECUENCIAL
Fecha de publicación y/o designación secuencial UNIBE : school of medicine, 1992-1995.
500 ## - NOTA GENERAL
Nota general Catalogación basada en el número: UNIBE : school of medicine, 1992-1995.
500 ## - NOTA GENERAL
Nota general Este material está disponible en inglés.
650 #0 - PUNTO DE ACCESO ADICIONAL DE MATERIA--TÉRMINO DE MATERIA
Término de materia o nombre geográfico como elemento de entrada Medicina
9 (RLIN) 12481
Subdivisión de forma Boletín
Subdivisión geográfica República Dominicana
650 #0 - PUNTO DE ACCESO ADICIONAL DE MATERIA--TÉRMINO DE MATERIA
Término de materia o nombre geográfico como elemento de entrada Educación superior
Subdivisión de forma Publicaciones periódicas
Subdivisión general Miscelánea
Subdivisión geográfica República Dominicana
9 (RLIN) 63982
942 ## - ELEMENTOS DE PUNTO DE ACCESO ADICIONAL (KOHA)
Fuente del sistema de clasificación o colocación Dewey Decimal Classification
Tipo de ítem Koha Publicación periódica
Holdings
Estado de retiro Estado de pérdida Fuente del sistema de clasificación o colocación Estado dañado Restricciones de uso No para préstamo Código de colección Localización permanente Ubicación/localización actual Fecha de adquisición Enumeración/cronología de publicación seriada Total de préstamos Código de barras Fecha visto por última vez Número de copia Precio válido a partir de Tipo de ítem Koha Nota pública
    Dewey Decimal Classification   Préstamo en sala   Hemeroteca Biblioteca Nacional Pedro Henríquez Ureña Biblioteca Nacional Pedro Henríquez Ureña 22.01.2026 UNIBE : school of medicine, 1992-1995   2026-0172 22.01.2026 e.1 22.01.2026 Publicación periódica Bulletin 1992-1995.
    Dewey Decimal Classification   Préstamo en sala   Hemeroteca Biblioteca Nacional Pedro Henríquez Ureña Biblioteca Nacional Pedro Henríquez Ureña 28.01.2026 UNIBE : school of medicine, 1995   2026-0368 28.01.2026 e.1 28.01.2026 Publicación periódica Bulletin 1995.
    Dewey Decimal Classification   Préstamo en sala   Hemeroteca Biblioteca Nacional Pedro Henríquez Ureña Biblioteca Nacional Pedro Henríquez Ureña 28.01.2026 UNIBE : school of medicine, 1995   2026-0369 28.01.2026 e.2 28.01.2026 Publicación periódica Bulletin 1995.

Powered by Koha